[Event "Challenge"]
[Site "http://www.queenalice.com/game.php?id=1107410"]
[Date "2012.9.28"]
[Round "-"]
[White "q_u_i_n_t_e_t"]
[Black "vichid"]
[Result "0-1"]
[WhiteElo "2056"]
[BlackElo "1959"]

1. e4 c6 2. d4 d5 3. Nc3 dxe4 4. Nxe4 Bf5 5. Nc5 b6 6. Na6 Nxa6 7. Bxa6 Rb8 8.
Qf3 Bd7 9. Bc4 e6 10. Ba6 b5 11. b4 Bxb4+ 12. c3 Be7 13. a4 b4 14. cxb4 Bxb4+
15. Kf1 Ne7 16. Qg3 Nf5 17. Qe5 Qb6 18. Bd3 O-O 19. Bxf5 exf5 20. h4 Rfe8 0-1

[Event "Challenge"]
[Site "http://www.queenalice.com/game.php?id=1116312"]
[Date "2012.10.26"]
[Round "-"]
[White "ymfrancois"]
[Black "vichid"]
[Result "0-1"]
[WhiteElo "1926"]
[BlackElo "1995"]

1. e4 e5 2. Nf3 Nc6 3. Bc4 h6 4. a3 Bc5 5. c3 Nf6 6. d3 d6 7. h3 O-O 8. b4 Bb6
9. O-O Re8 10. a4 a6 11. Nbd2 Be6 12. Bxe6 Rxe6 13. Bb2 Ne7 14. Kh1 Ng6 15. Nc4
d5 16. Nxb6 Rxb6 17. a5 Rd6 18. Qe1 Nf4 19. Qe3 Ng6 20. c4 d4 21. Qd2 Re6 22. c5
c6 23. Qd1 Qd7 24. Bc1 Qd8 25. Bd2 Nf4 26. Bxf4 exf4 27. Qd2 Qd7 28. Qxf4 Nh7
29. e5 Rae8 30. Qxd4 Qxd4 31. Nxd4 Rxe5 32. Nf3 Re2 33. d4 Rb2 34. Rae1 Rxe1 35.
Rxe1 Rxb4 36. Re8+ Nf8 37. Rd8 f6 38. Nh4 g6 39. Nxg6 Kf7 40. Nxf8 Ke7 41. Rb8
Rxd4 42. Nh7 Rb4 43. Rf8 Rf4 44. Kg1 Rf5 45. g4 Rxc5 46. Rxf6 Rxa5 47. Rxh6 Rc5
48. Rf6 a5 49. Rf3 b5 50. Nf6 Re5 51. Nh5 b4 52. Nf4 c5 53. Nd3 Rg5 54. Re3+ Kd6
55. Nb2 Kd5 56. f4 Rg7 57. Rd3+ Ke4 58. f5 c4 59. Rd1 c3 60. Na4 Rc7 61. Kg2 c2
62. Re1+ Kd3 63. f6 Kd2 64. Kf2 Rf7 65. g5 Rf8 66. Re2+ Kd3 67. Rxc2 Kxc2 68.
Kg3 Kb3 69. Nc5+ Kc4 70. Ne6 Rf7 71. h4 b3 72. h5 b2 73. g6 Rxf6 74. g7 b1=Q 75.
g8=Q Qg1+ 0-1

[Event "Challenge"]
[Site "http://www.queenalice.com/game.php?id=1132772"]
[Date "2012.12.19"]
[Round "-"]
[White "Leofelix"]
[Black "vichid"]
[Result "1-0"]
[WhiteElo "1773"]
[BlackElo "2018"]

1. e4 e5 2. Nf3 Nc6 3. Bc4 h6 4. Nc3 Nf6 5. d4 exd4 6. Nxd4 Nxd4 7. Qxd4 Be7 8.
e5 Nh7 9. Nd5 O-O 10. Nxe7+ Qxe7 11. Bd2 c5 12. Qd6 Qxd6 13. exd6 Rb8 14. O-O-O
b5 15. Bd5 Bb7 16. Bxb7 Rxb7 17. Rhe1 Nf6 18. f3 b4 19. c4 Rb6 20. Be3 a5 21.
Bxc5 Rc6 22. Bd4 Rxc4+ 23. Kb1 Ne8 24. Bb6 a4 25. Rc1 Nxd6 26. Bc5 Rxc5 27. Rxc5
Rb8 28. Rd1 Nb5 29. Rxd7 a3 30. bxa3 bxa3 31. Kc2 1-0

[Event "Challenge"]
[Site "http://www.queenalice.com/game.php?id=1146010"]
[Date "2013.1.27"]
[Round "-"]
[White "jeancarlo1910"]
[Black "vichid"]
[Result "0-1"]
[WhiteElo "1858"]
[BlackElo "2008"]

1. d4 d5 2. c4 e6 3. cxd5 exd5 4. Nc3 Nf6 5. Bg5 Be6 6. Nf3 Be7 7. e3 Nbd7 8.
Bd3 h6 9. Bh4 O-O 10. O-O c5 11. Ne5 c4 12. Nxd7 Qxd7 13. f4 cxd3 14. Qxd3 a6
15. f5 Ne4 16. Bxe7 Qxe7 17. fxe6 fxe6 18. Nxe4 dxe4 19. Qxe4 Rae8 20. a3 Qd7
21. h3 Qb5 22. b4 Rf5 23. Rxf5 exf5 24. Qxf5 Qxf5 0-1

[Event "Challenge"]
[Site "http://www.queenalice.com/game.php?id=1173327"]
[Date "2013.4.19"]
[Round "-"]
[White "Leofelix"]
[Black "vichid"]
[Result "0-1"]
[WhiteElo "1798"]
[BlackElo "1994"]

1. e4 b6 2. Nf3 Bb7 3. Nc3 Nf6 4. d3 h6 5. Bf4 e6 6. Nb5 d6 7. Be2 a6 8. Nc3 e5
9. Bd2 Nbd7 10. O-O Qe7 11. Nh4 Nxe4 0-1

[Event "Challenge"]
[Site "http://www.queenalice.com/game.php?id=1173360"]
[Date "2013.4.19"]
[Round "-"]
[White "vichid"]
[Black "Leofelix"]
[Result "1-0"]
[WhiteElo "1985"]
[BlackElo "1807"]

1. e4 e5 2. f4 d6 3. d4 Nf6 4. f5 exd4 5. Qxd4 Be7 6. Nf3 c5 7. Qd3 O-O 8. Nc3
Bd7 9. Bg5 Ng4 10. Bxe7 Qxe7 11. Nd5 1-0

[Event "Challenge"]
[Site "http://www.queenalice.com/game.php?id=1185565"]
[Date "2013.5.28"]
[Round "-"]
[White "odone"]
[Black "vichid"]
[Result "0-1"]
[WhiteElo "1841"]
[BlackElo "1974"]

1. d4 Nc6 2. Nf3 d5 3. c4 e6 4. Nc3 Be7 5. e3 a6 6. Bd3 Nf6 7. O-O O-O 8. Re1
Re8 9. h3 Bb4 10. a3 Bxc3 11. bxc3 e5 12. cxd5 Nxd5 13. dxe5 Nxe5 14. Bb2 Qf6
15. Qc2 Nxf3+ 16. gxf3 Bxh3 17. Bxh7+ Kf8 18. f4 Nxf4 19. exf4 Qxf4 20. Rxe8+
Rxe8 21. Rd1 Qg5+ 0-1

[Event "Challenge"]
[Site "http://www.queenalice.com/game.php?id=1198664"]
[Date "2013.7.10"]
[Round "-"]
[White "vichid"]
[Black "eddval"]
[Result "1-0"]
[WhiteElo "1987"]
[BlackElo "2241"]

1. e4 c5 2. Nc3 Nc6 3. g3 g6 4. Bg2 Bg7 5. d3 e6 6. Nge2 Nge7 7. f4 d6 8. O-O a6
9. Rb1 b5 10. b3 Bb7 11. Bb2 O-O 12. a3 Qb6 13. Kh1 Rac8 14. Qe1 Rfd8 15. Qf2
Nd4 16. Nxd4 Bxd4 17. Qe2 Qa5 18. Qe1 b4 19. Ne2 Bxb2 20. Rxb2 Qxa3 21. Rb1 Nc6
22. f5 Qa5 23. f6 Rd7 24. Qd2 Qd8 25. Qh6 Qf8 26. Qh3 Rcd8 27. Rbe1 e5 28. c3
Bc8 29. c4 Ra7 30. Qh4 h5 31. Bh3 Bxh3 32. Qxh3 Qh6 33. g4 h4 34. Ng1 Nd4 35.
Nf3 Nxb3 36. g5 Qh5 37. Rg1 Nd4 38. Nxd4 cxd4 39. Rg4 Kf8 40. Rxh4 Qxh4 41. Qxh4
Ke8 42. Qh8+ Kd7 43. Qh7 Kc6 44. Qh3 a5 45. Rb1 Rb8 46. Qg2 Kc5 47. h4 Rh8 48.
Qg4 a4 49. Kg2 a3 50. Kg3 a2 51. Ra1 Rb8 52. Qe2 b3 53. Qb2 Kb4 54. Kg4 Kc5 55.
h5 gxh5+ 56. Kxh5 Rh8+ 57. Kg4 Kb4 58. c5 Rc8 59. Qd2+ Ka3 60. Rc1 b2 61. Rc3+
dxc3 62. Qxc3+ Ka4 63. Qxb2 Rcc7 64. Qxa2+ Kb4 65. Qc4+ Ka5 66. c6 Kb6 67. d4
exd4 68. Qxd4+ Kxc6 69. Qd5+ Kb6 70. Qxd6+ Kb5 71. e5 Rd7 72. Qf8 Kc6 73. Qe8
Kd5 74. Kf5 Kd4 75. g6 fxg6+ 76. Kxg6 Ke4 77. e6 1-0

[Event "Challenge"]
[Site "http://www.queenalice.com/game.php?id=1201435"]
[Date "2013.7.20"]
[Round "-"]
[White "ramonigerpawn"]
[Black "vichid"]
[Result "1-0"]
[WhiteElo "2018"]
[BlackElo "2002"]

1. d4 d6 2. Nf3 h6 3. c4 Nf6 4. Nc3 e6 5. e4 Be7 6. Be3 Nc6 7. a3 O-O 8. Bd3 Re8
9. e5 Nd7 10. d5 Ncxe5 11. dxe6 fxe6 12. Nxe5 Nxe5 13. Bc2 Rf8 14. f4 Nd7 15.
Qd3 Nf6 16. Bd4 e5 17. Nd5 e4 18. Qg3 c6 19. Ne3 d5 20. O-O c5 21. Be5 d4 22.
Nd5 d3 23. Ba4 Rf7 24. Bc7 Qf8 25. f5 Nxd5 26. cxd5 Bxf5 27. d6 Bf6 28. Bb3 g6
29. Rxf5 Kh7 30. Bxf7 Qxf7 31. Rxf6 Qxf6 32. Qf2 Qe6 33. Qe3 Qd5 34. Rf1 Re8 35.
Ba5 Qxd6 36. Bd2 g5 37. Bc3 Re7 38. Rf6 Qd7 39. h4 Qg4 40. hxg5 Qxg5 41. Kf2
Qh4+ 42. g3 Qh2+ 43. Ke1 Qh1+ 44. Rf1 Qg2 45. Bd2 c4 46. Qxh6+ 1-0

[Event "Challenge"]
[Site "http://www.queenalice.com/game.php?id=1213631"]
[Date "2013.9.2"]
[Round "-"]
[White "Zoe"]
[Black "vichid"]
[Result "0-1"]
[WhiteElo "1916"]
[BlackElo "2013"]

1. d4 Nf6 2. Nf3 h6 3. e3 d5 4. Bd3 Nc6 5. c3 a6 6. Nbd2 Bg4 7. h3 Bh5 8. O-O e6
9. Qb3 b5 10. Ne5 Nxe5 11. dxe5 Nd7 12. f4 c5 13. Bb1 Be7 14. Rf2 c4 15. Qc2 Bg6
16. Qd1 O-O 17. Bxg6 fxg6 18. Qg4 Nc5 19. Qxg6 Qb6 20. Rf3 Nd3 21. Rg3 Rf7 22.
Qxh6 Nxf4 23. Kh1 Ne2 24. Rg4 Bc5 25. Nf3 Nxc1 26. Rh4 gxh6 0-1

[Event "Challenge"]
[Site "http://www.queenalice.com/game.php?id=1213632"]
[Date "2013.9.2"]
[Round "-"]
[White "vichid"]
[Black "Zoe"]
[Result "1-0"]
[WhiteElo "2043"]
[BlackElo "1974"]

1. d4 Nf6 2. Nf3 d5 3. h3 e6 4. a3 c5 5. Bg5 Nbd7 6. e3 Qb6 7. b3 Ne4 8. Bf4 Bd6
9. Bxd6 Qxd6 10. Bd3 O-O 11. Bxe4 dxe4 12. Nfd2 cxd4 13. Nxe4 Qa6 14. Qxd4 h6
15. c4 Rd8 16. O-O b6 17. Nbd2 Bb7 18. b4 Bxe4 19. Nxe4 Nf6 20. Nxf6+ gxf6 21.
Qxf6 Qxc4 22. Qxh6 Rd7 23. Qg5+ Kh7 24. Rfc1 Qe4 25. Qh5+ Kg7 26. Qg5+ Kh7 27.
Qb5 Rg8 28. Qh5+ Kg7 29. Qg5+ Kh7 30. Qh5+ Kg7 31. Qg4+ Qxg4 32. hxg4 Kh6 33. f3
Kg5 34. Kf2 Rd2+ 35. Kg3 Rgd8 36. Rc7 R2d7 37. Rac1 Kg6 38. R1c3 a6 39. Rxd7
Rxd7 40. Rc6 Rd3 41. Kf4 Rxa3 42. Rxb6 Rb3 43. Rxa6 Rxb4+ 44. e4 Rb5 45. Ra8 Kf6
46. Kg3 Rb3 47. Ra5 Re3 48. Kf4 Re2 49. g3 Re1 50. g5+ Kg6 51. Kg4 Rh1 52. f4
Re1 53. f5+ exf5+ 54. exf5+ Kg7 55. Ra7 Re5 56. g6 Kf8 57. Rxf7+ Kg8 58. f6 Rd5
59. Rg7+ Kh8 60. Rh7+ 1-0

[Event "Challenge"]
[Site "http://www.queenalice.com/game.php?id=1243923"]
[Date "2013.12.30"]
[Round "-"]
[White "picapal"]
[Black "vichid"]
[Result "0-1"]
[WhiteElo "1888"]
[BlackElo "2046"]

1. e4 e5 2. Nf3 d6 3. Bc4 h6 4. d4 Nc6 5. d5 Nce7 6. a4 f5 7. Bd3 fxe4 8. Bxe4
Nf6 9. Nc3 Nxe4 10. Nxe4 Bg4 11. Qd3 a6 12. Be3 Nf5 13. h3 Bxf3 14. gxf3 Qd7 15.
Rg1 Nxe3 16. Qxe3 Qxh3 17. O-O-O Qd7 18. f4 exf4 19. Nc5+ fxe3 20. Nxd7 exf2 21.
Nf6+ gxf6 22. Rgf1 Bg7 23. Rxf2 Kd7 24. Rg1 Bf8 25. Rxf6 Be7 26. Rf7 Raf8 27.
Rgg7 Rxf7 28. Rxf7 h5 29. Kd1 h4 30. Ke2 h3 31. Rf1 h2 32. Rh1 Bf6 33. b3 Be5
34. Kf3 Rg8 35. Ke2 Rg1 36. Rxh2 Bxh2 37. Kd3 Rg4 38. c4 c6 39. Kc3 a5 40. b4
axb4+ 41. Kxb4 c5+ 42. Kb5 Kc7 43. Ka5 b6+ 44. Ka6 Rxc4 45. a5 Rb4 46. Ka7 bxa5
0-1

[Event "Challenge"]
[Site "http://www.queenalice.com/game.php?id=1246506"]
[Date "2014.1.9"]
[Round "-"]
[White "Zugswang"]
[Black "vichid"]
[Result "1-0"]
[WhiteElo "2196"]
[BlackElo "2056"]

1. e4 e5 2. f4 d5 3. exd5 e4 4. Nc3 Nf6 5. d3 Nxd5 6. dxe4 Nxc3 7. Qxd8+ Kxd8 8.
bxc3 Bc5 9. a4 Bxg1 10. Rxg1 Re8 11. Bd3 Nc6 12. Kf2 a6 13. g4 g6 14. Be3 Bd7
15. h4 b6 16. h5 g5 17. fxg5 Ne5 18. Be2 Nc6 19. Bd3 Ne5 20. Be2 Bc6 21. Bd3 Nd7
22. Kf3 Ne5+ 23. Kf4 Kd7 24. Bd4 Kd6 25. c4 b5 26. c5+ 1-0

[Event "Challenge"]
[Site "http://www.queenalice.com/game.php?id=1249697"]
[Date "2014.1.20"]
[Round "-"]
[White "vichid"]
[Black "Zugswang"]
[Result "0-1"]
[WhiteElo "2041"]
[BlackElo "2169"]

1. e4 Nf6 2. e5 Nd5 3. c4 Nb6 4. d4 d6 5. f4 g6 6. Nf3 Bg7 7. Be2 O-O 8. O-O d5
9. c5 N6d7 10. Nc3 e6 11. b4 b6 12. a4 bxc5 13. bxc5 c6 14. Ng5 h6 15. Nf3 Ba6
16. Bd2 Bxe2 17. Qxe2 a5 18. h4 Na6 19. Nd1 Nb4 20. g4 Kh7 21. h5 Rg8 22. Ng5+
hxg5 23. hxg6+ Kxg6 24. f5+ Kh7 25. Qh2+ Bh6 26. f6 Rg6 27. Ra3 Qf8 28. Bc1 Nxc5
29. dxc5 Qxc5+ 30. Be3 d4 31. Bf2 Qd5 32. Re1 Nc2 33. Rd3 Nxe1 34. Bxe1 Qe4 35.
Qd2 Qxg4+ 36. Rg3 Qf4 37. Qg2 Qxe5 38. Bd2 Qd5 39. Qh2 Rag8 40. Nf2 Rxf6 41. Ng4
Qf5 42. Nxf6+ Qxf6 43. Qg2 Qe5 44. Qf3 f5 45. Rh3 f4 46. Qh5 Rg6 47. Rb3 Qf5 48.
Qf3 e5 49. Rb7+ Bg7 50. Qb3 e4 0-1

[Event "Challenge"]
[Site "http://www.queenalice.com/game.php?id=1253115"]
[Date "2014.2.1"]
[Round "-"]
[White "vichid"]
[Black "Zugswang"]
[Result "0-1"]
[WhiteElo "2056"]
[BlackElo "2086"]

1. d4 Nf6 2. c4 c5 3. d5 b5 4. cxb5 a6 5. bxa6 Bxa6 6. g3 g6 7. Bg2 d6 8. Nf3
Nbd7 9. O-O Bg7 10. Re1 O-O 11. Nc3 Ng4 12. h3 Nge5 13. b3 Nxf3+ 0-1

[Event "TEN DAYS"]
[Site "http://www.queenalice.com/game.php?id=1261622"]
[Date "2014.3.19"]
[Round "-"]
[White "vichid"]
[Black "phystutordotcom"]
[Result "0-1"]
[WhiteElo "2038"]
[BlackElo "2424"]

1. e4 d6 2. d4 Nf6 3. Nc3 e5 4. dxe5 dxe5 5. Qxd8+ Kxd8 6. Bg5 Bd6 7. O-O-O h6
8. Bxf6+ gxf6 9. Nb5 Ke7 10. Ne2 Be6 11. Nec3 Rd8 12. Nd5+ Bxd5 13. exd5 Nd7 14.
Nxd6 cxd6 15. Bd3 Rg8 16. g3 Nc5 17. Bf5 b5 18. b3 b4 19. Rhe1 a5 20. h4 a4 21.
Kb1 Ra5 22. Re3 Rb8 23. Bg4 Na6 24. Be2 axb3 25. cxb3 Nc7 0-1

[Event "Challenge"]
[Site "http://www.queenalice.com/game.php?id=1266355"]
[Date "2014.3.19"]
[Round "-"]
[White "vichid"]
[Black "danielglowinski"]
[Result "0-1"]
[WhiteElo "2036"]
[BlackElo "2382"]

1. e4 e5 2. c3 d5 3. exd5 Qxd5 4. d3 Nf6 5. c4 Qa5+ 6. Bd2 Qb6 7. h3 Bc5 8. d4
Bxd4 9. Be3 Bxe3 10. fxe3 Qxe3+ 11. Qe2 Qc1+ 12. Qd1 Qxb2 13. Nd2 O-O 14. Be2 e4
15. c5 Qc3 16. Rc1 Qg3+ 17. Kf1 e3 0-1

[Event "Challenge"]
[Site "http://www.queenalice.com/game.php?id=1281414"]
[Date "2014.5.13"]
[Round "-"]
[White "vichid"]
[Black "dhoang"]
[Result "1-0"]
[WhiteElo "2034"]
[BlackElo "2105"]

1. e4 e5 2. Nf3 Nc6 3. a3 Nf6 4. d3 Be7 5. Nc3 d6 6. h3 Be6 7. Be3 O-O 8. d4
exd4 9. Nxd4 Nxd4 10. Bxd4 a6 11. Bd3 c5 12. Be3 b5 13. Be2 Qc7 14. Bf3 Rac8 15.
O-O Nd7 16. Bf4 Ne5 17. Bxe5 dxe5 18. Qe2 Bc4 19. Qe1 Bxf1 20. Nd5 Qb7 21. Kxf1
Bd6 22. Rd1 Rfd8 23. Qd2 Bf8 24. Qg5 Qc6 25. Qxe5 Re8 26. Qg3 Qg6 27. Qxg6 hxg6
28. Re1 Bd6 29. g4 Be5 30. c3 Bd6 31. Bg2 a5 32. f4 f6 33. b3 b4 34. c4 bxa3 35.
Ra1 Rb8 36. Rxa3 Ra8 37. h4 Reb8 38. g5 Kf7 39. f5 gxf5 40. exf5 Rh8 41. g6+ Ke8
42. Nxf6+ gxf6 43. Bxa8 Bc7 44. Ra2 Rxh4 45. Rg2 1-0

[Event "Challenge"]
[Site "http://www.queenalice.com/game.php?id=1412905"]
[Date "2016.3.9"]
[Round "-"]
[White "lelinho"]
[Black "vichid"]
[Result "1-0"]
[WhiteElo "2230"]
[BlackElo "2053"]

1. d4 Nf6 2. c4 e6 3. Nc3 d5 4. e3 c5 5. Nf3 Be7 6. Be2 O-O 7. O-O a6 8. h3 h6
9. a3 Re8 10. Bd2 cxd4 11. Nxd4 Bd6 12. b4 e5 13. Nf3 e4 14. Nd4 1-0